Statistics for US States Neighbour Connect and Jump: First Alphabetically, with Map

Click here to take the quiz!

General Stats

  • This quiz has been taken 245 times
  • The average score is 39 of 50

Answers on the Map

Answers color-coded by a green-red scale on the quiz's map according to % correct below.
 

Answer Stats

State% Correct
Alabama
100%
Florida
96%
Georgia
95%
North Carolina
91%
Alaska
89%
South Carolina
89%
Arizona
88%
California
88%
Nevada
88%
Idaho
87%
Illinois
87%
Indiana
87%
Iowa
87%
Kentucky
87%
Minnesota
87%
Montana
87%
North Dakota
87%
Arkansas
85%
Louisiana
84%
Mississippi
84%
Missouri
84%
Tennessee
83%
Virginia
81%
Delaware
80%
Maryland
80%
New York
80%
New Jersey
79%
Connecticut
78%
Maine
77%
Massachusetts
77%
New Hampshire
77%
Colorado
74%
Kansas
74%
Nebraska
73%
South Dakota
73%
Wyoming
72%
Utah
71%
New Mexico
66%
Oklahoma
65%
Texas
65%
Michigan
64%
Hawaii
63%
Ohio
62%
Pennsylvania
62%
West Virginia
61%
Oregon
58%
Washington
57%
Rhode Island
55%
Vermont
55%
Wisconsin
54%

Score Distribution

Percentile by Number Answered

Percent of People with Each Score

Your Score History

You have not taken this quiz